River ecology and man; (Record no. 15407)
[ view plain ]
| 000 -LEADER | |
|---|---|
| fixed length control field | 00481cam a2200193 4500 |
| 020 ## - INTERNATIONAL STANDARD BOOK NUMBER | |
| ISBN | 0125244509 |
| 040 ## - CATALOGING SOURCE | |
| Transcribing agency | DLC |
| 082 00 - DEWEY DECIMAL CLASSIFICATION NUMBER | |
| Classification number | 551 ACA 1972 A063 Or. |
| 245 10 - TITLE STATEMENT | |
| Title | River ecology and man; |
| Remainder of title | Proceedings. |
| 260 ## - PUBLICATION, DISTRIBUTION, ETC. (IMPRINT) | |
| Place of publication | New York, |
| Name of publisher | Academic Press, |
| Year of publication | 1972. |
| 300 ## - PHYSICAL DESCRIPTION | |
| Number of Pages | xvii, 465 p. |
| Other physical details | illus. |
| Dimensions | 24 cm. |
| 650 #0 - SUBJECT ADDED ENTRY--TOPICAL TERM | |
| Topical Term | Rivers |
| 650 #0 - SUBJECT ADDED ENTRY--TOPICAL TERM | |
| Topical Term | Water |
| 650 #0 - SUBJECT ADDED ENTRY--TOPICAL TERM | |
| Topical Term | Ecology |
| 700 1# - ADDED ENTRY--PERSONAL NAME | |
| Personal name | Oglesby, Ray T., |
| 700 1# - ADDED ENTRY--PERSONAL NAME | |
| Personal name | Carlson, Clarence A., |
| 700 1# - ADDED ENTRY--PERSONAL NAME | |
| Personal name | McCann, James A., |
| 942 ## - ADDED ENTRY ELEMENTS (KOHA) | |
| Koha item type | សៀវភៅភាសាអង់គ្លេស |
| 952 ## - LOCATION AND ITEM INFORMATION (KOHA) | |
| Withdrawn status [LOCAL, KOHA] | 0 |
| Permanent Location | Date acquired | Koha item type | Lost status | Shelving location | Barcode | Current Location | Full call number |
|---|---|---|---|---|---|---|---|
| Library Block A | 2017-11-20 | សៀវភៅភាសាអង់គ្លេស | A063 | A06623 | Library Block A | 551 ACA 1972 A063 Or. |